[Event "TCh-CHN 2017"]
[Site "China CHN"]
[Date "2017.08.19"]
[Round "13.4"]
[Board "1"]
[White "Peng, Xiongjian"]
[Black "Wang, Hao"]
[Result "0-1"]
[BlackTitle "GM"]
[WhiteElo "2410"]
[BlackElo "2709"]
[WhiteTeam "Hebei"]
[BlackTeam "Shenzhen"]
[WhiteFideId "8610550"]
[BlackFideId "8602883"]
[EventDate "2017.04.18"]

1. e4 c5 2. Nf3 d6 3. d4 cxd4 4. Nxd4 Nf6 5. Nc3 a6 6. Be2 e6 7. O-O Be7 8. f4
Nc6 9. Be3 O-O 10. Qd2 Qc7 11. Bf3 Nxd4 12. Bxd4 e5 13. Be3 b5 14. a4 b4 15. Nd5
Nxd5 16. exd5 Rb8 17. a5 Bf6 18. Bb6 Rxb6 19. axb6 Qxb6+ 20. Kh1 exf4 21. c3
bxc3 22. bxc3 Be5 23. Be2 a5 24. Ra3 Bd7 25. Qa2 a4 26. Bd1 Qa6 27. Re1 g6 28.
Bxa4 Bxa4 29. Rxa4 Qd3 30. c4 f3 31. gxf3 Qxf3+ 32. Qg2 Qc3 33. Rf1 f5 34. Qa2
Qd3 35. Re1 Qf3+ 36. Qg2 Qc3 37. Qe2 f4 38. Rf1 f3 39. Qa2 Qd3 40. Qb1 Qe2 41.
Ra2 Qxc4 42. Rd2 Qh4 43. Qc2 g5 44. Rdf2 g4 45. Qe4 Kh8 46. Ra2 Qh3 47. Rff2 g3
48. Rxf3 g2+ 49. Rxg2 Rxf3 50. Qb1 Rf8 51. Qd1 Bxh2 0-1

[Event "TCh-CHN 2017"]
[Site "China CHN"]
[Date "2017.08.19"]
[Round "13.4"]
[Board "2"]
[White "Peng, Hongchi"]
[Black "Andriasian, Zaven"]
[Result "1/2-1/2"]
[BlackTitle "GM"]
[WhiteElo "2221"]
[BlackElo "2585"]
[WhiteTeam "Hebei"]
[BlackTeam "Shenzhen"]
[WhiteFideId "8609047"]
[BlackFideId "13302000"]
[EventDate "2017.04.18"]

1. e4 d6 2. d4 Nf6 3. Nc3 g6 4. Nf3 Bg7 5. Be2 O-O 6. O-O c6 7. a4 Qc7 8. h3 e5
9. Re1 Nbd7 10. Bf1 Re8 11. dxe5 dxe5 12. Bc4 Nf8 13. a5 Be6 14. Qe2 Nh5 15. Be3
Qe7 16. Bxe6 Nxe6 17. Qc4 a6 18. g3 Kh8 19. Rad1 f5 20. exf5 gxf5 21. Bb6 e4 22.
Nd4 Nxd4 23. Bxd4 Rad8 24. Ne2 Bxd4 25. Rxd4 Rxd4 26. Qxd4+ Nf6 27. Rd1 Kg7 28.
b4 Qe5 29. Nf4 Qxd4 30. Rxd4 e3 31. Kf1 exf2 32. Kxf2 Kf7 33. Nd3 Ne4+ 34. Kg2
Re7 35. Nf4 Kf6 36. Rd3 Ke5 37. c3 Rg7 38. Ne2 Rg6 39. Rf3 Rd6 40. Re3 Rd2 41.
Kf3 Kf6 42. g4 Ng5+ 43. Kg3 Ne6 44. gxf5 Kxf5 45. Kf3 Ng5+ 46. Kg3 Ne6 47. Kf3
Ng5+ 48. Kg3 Ne6 49. Kf3 Ng5+ 50. Kg3 Ne4+ 51. Kf3 Ng5+ 52. Kg3 c5 1/2-1/2

[Event "TCh-CHN 2017"]
[Site "China CHN"]
[Date "2017.08.19"]
[Round "13.4"]
[Board "3"]
[White "Wan, Yunguo"]
[Black "Liu, Qingnan"]
[Result "1/2-1/2"]
[WhiteTitle "GM"]
[BlackTitle "GM"]
[WhiteElo "2486"]
[BlackElo "2522"]
[WhiteTeam "Hebei"]
[BlackTeam "Shenzhen"]
[WhiteFideId "8603189"]
[BlackFideId "8603294"]
[EventDate "2017.04.18"]

1. e4 e5 2. Nf3 Nf6 3. Nxe5 d6 4. Nf3 Nxe4 5. d4 d5 6. Bd3 Bd6 7. O-O O-O 8. c4
c6 9. Qc2 Na6 10. a3 f5 11. Nc3 Nc7 12. c5 Be7 13. Ne2 Ne6 14. b4 Bf6 15. Bb2
Qc7 16. Ne1 Bg5 17. Nf3 Bf6 18. Ne1 Bg5 19. Nf3 Bf6 1/2-1/2

[Event "TCh-CHN 2017"]
[Site "China CHN"]
[Date "2017.08.19"]
[Round "13.4"]
[Board "4"]
[White "Huang, Qian"]
[Black "Wang, Doudou"]
[Result "1-0"]
[WhiteTitle "WGM"]
[BlackTitle "WIM"]
[WhiteElo "2438"]
[BlackElo "2191"]
[WhiteTeam "Shenzhen"]
[BlackTeam "Hebei"]
[WhiteFideId "8602689"]
[BlackFideId "8603197"]
[EventDate "2017.04.18"]

1. Nf3 d5 2. c4 c6 3. Qc2 Nf6 4. g3 g6 5. b3 Bg7 6. Bb2 Bg4 7. Ne5 Bf5 8. d3
Nbd7 9. Nd2 Nxe5 10. Bxe5 O-O 11. Bg2 Qd7 12. h3 Rac8 13. Qb2 Rfd8 14. Nf3 Ne8
15. Bxg7 Nxg7 16. Qd4 dxc4 17. Qxd7 Bxd7 18. bxc4 f6 19. O-O Rc7 20. Rfc1 Be6
21. a4 Kf7 22. a5 a6 23. Rab1 Bc8 24. d4 Bf5 25. Rb2 Be4 26. e3 Bxf3 27. Bxf3
Nf5 28. Rd1 Ke8 29. Bg2 Nd6 30. Rc2 c5 31. d5 Rb8 32. Bf1 Kd7 33. Rb1 Rf8 34.
Bd3 f5 35. h4 Rd8 36. Kg2 Rf8 37. Re1 Rd8 38. e4 fxe4 39. Bxe4 Rf8 40. Bd3 Kd8
41. Re5 Rf6 42. Rc1 Nf7 43. Re2 Nd6 44. h5 Ke8 45. hxg6 hxg6 46. Rh1 Kf8 47. Rh7
Nf7 48. Rh1 Nd6 49. f4 Kg7 50. Kf3 Kf8 51. Rh8+ Kg7 52. Reh2 1-0

[Event "TCh-CHN 2017"]
[Site "China CHN"]
[Date "2017.08.19"]
[Round "13.4"]
[Board "5"]
[White "Liu, Shilan"]
[Black "Zhai, Mo"]
[Result "0-1"]
[WhiteTitle "WGM"]
[BlackTitle "WGM"]
[WhiteElo "2083"]
[BlackElo "2302"]
[WhiteTeam "Shenzhen"]
[BlackTeam "Hebei"]
[WhiteFideId "8600279"]
[BlackFideId "8600201"]
[EventDate "2017.04.18"]

1. e4 c5 2. Nf3 d6 3. d4 cxd4 4. Nxd4 Nf6 5. Nc3 a6 6. Be2 e5 7. Nf3 Be7 8. Bg5
Be6 9. Bxf6 Bxf6 10. Nd5 Nd7 11. O-O Rc8 12. c4 O-O 13. b3 Re8 14. Re1 g6 15.
Nxf6+ Nxf6 16. Bf1 Qc7 17. h3 Bd7 18. Rc1 Bc6 19. Bd3 Nh5 20. g3 a5 21. Nh2 Qb6
22. Re3 Bd7 23. Bf1 Nf6 24. a4 Be6 25. Bg2 Nd7 26. h4 h5 27. Qf1 Nc5 28. Rcc3
Kg7 29. Nf3 Bg4 30. Nd2 Rf8 31. f3 f5 32. exf5 Bxf5 33. Qe1 Nd3 34. Qe2 Nb4 35.
Ne4 d5 36. c5 Qa6 37. Nd6 d4 38. Qe1 dxe3 39. Qxe3 Rce8 40. f4 Re7 41. fxe5 Nc6
42. Rc4 Kh7 43. Qf4 Qa8 44. Rc1 Bh3 45. Qd4 Nxd4 0-1

[Event "TCh-CHN 2017"]
[Site "China CHN"]
[Date "2017.08.19"]
[Round "13.5"]
[Board "1"]
[White "Xu, Jun"]
[Black "Andreikin, Dmitry"]
[Result "0-1"]
[WhiteTitle "GM"]
[BlackTitle "GM"]
[WhiteElo "2507"]
[BlackElo "2712"]
[WhiteTeam "Jiangsu"]
[BlackTeam "Chongqing"]
[WhiteFideId "8600031"]
[BlackFideId "4158814"]
[EventDate "2017.04.18"]

1. d4 d5 2. c4 dxc4 3. e3 Nf6 4. Bxc4 e6 5. Nf3 c5 6. O-O a6 7. dxc5 Qxd1 8.
Rxd1 Bxc5 9. Be2 Nbd7 10. Nbd2 b6 11. Nb3 Be7 12. Nfd4 Bb7 13. f3 g5 14. Bd2 Rc8
15. Rac1 O-O 16. h3 h6 17. e4 Bd6 18. Be3 Bf4 19. Kf2 Rfd8 20. Rxc8 Rxc8 21. Rc1
Rxc1 22. Nxc1 Nh5 23. Bxf4 Nxf4 24. Bf1 Kf8 25. g3 Ng6 26. Ke3 h5 27. Nd3 h4 28.
gxh4 Nxh4 29. Nb4 a5 30. Nbc2 Ke7 31. Na3 f5 32. Nc4 f4+ 33. Kf2 Ng6 34. a3 Nge5
35. b4 axb4 36. axb4 Nc6 37. Nc2 Bc8 38. N4a3 Nde5 39. Nb1 Bd7 40. Nc3 Nd8 41.
Be2 Ndf7 42. Bf1 Nd6 43. Be2 Nec4 44. Bf1 Kf6 45. Be2 Ke5 46. Bf1 Nd2 47. Be2
N2c4 48. Bf1 Nb2 49. Ke1 Ndc4 50. Be2 Be8 51. Kf2 Bd7 52. Ke1 Be8 53. Kf2 Nd2
54. Ke1 Nb3 55. Bb5 Bh5 56. Kf2 Nd2 57. Be2 Be8 58. Ke1 Ndc4 59. Kf2 Bd7 60. Ke1
Ne3 61. Na3 Na4 62. Kd2 Nxc3 63. Kxc3 Kf6 64. Nc2 Nxc2 65. Kxc2 e5 66. Bf1 Kg6
67. Kd2 0-1

[Event "TCh-CHN 2017"]
[Site "China CHN"]
[Date "2017.08.19"]
[Round "13.5"]
[Board "2"]
[White "Lin, Chen"]
[Black "Zhou, Weiqi"]
[Result "1/2-1/2"]
[WhiteTitle "GM"]
[BlackTitle "GM"]
[WhiteElo "2477"]
[BlackElo "2613"]
[WhiteTeam "Jiangsu"]
[BlackTeam "Chongqing"]
[WhiteFideId "8602298"]
[BlackFideId "8601674"]
[EventDate "2017.04.18"]

1. e4 c6 2. d4 d5 3. exd5 cxd5 4. Bd3 Nc6 5. c3 Nf6 6. h3 g6 7. Nf3 Bf5 8. O-O
Bxd3 9. Qxd3 Bg7 10. Bf4 Qb6 11. Qc2 Ne4 12. Nbd2 f5 13. Ng5 O-O 14. Qb3 Qxb3
15. Nxb3 Nxg5 16. Bxg5 f4 17. g3 fxg3 18. fxg3 e5 19. dxe5 Bxe5 20. Rad1 Bxg3
21. Rxd5 Bc7 22. Bh6 Bb6+ 23. Kg2 Rfe8 24. Rd7 Re7 25. Rxe7 Nxe7 26. Bf4 Nf5 27.
Rd1 Re8 28. Kf3 Nh4+ 29. Kg3 Nf5+ 30. Kf3 Nh4+ 31. Kg3 Nf5+ 32. Kf3 Kf7 33. Rd7+
Re7 34. Rxe7+ Kxe7 35. Nd2 Ke6 36. Ke4 Bd8 37. Nb3 Bb6 38. Nd2 Bd8 39. Nb3 Bb6
40. Nd2 h6 41. Nf3 g5 42. Be5 a6 43. a4 Nd6+ 44. Bxd6 Kxd6 45. Ne5 Ke6 46. b4 h5
47. c4 Bc7 48. Nd3 b6 49. c5 g4 50. hxg4 hxg4 51. b5 axb5 1/2-1/2

[Event "TCh-CHN 2017"]
[Site "China CHN"]
[Date "2017.08.19"]
[Round "13.5"]
[Board "3"]
[White "Wei, Yi"]
[Black "Zeng, Chongsheng"]
[Result "1/2-1/2"]
[WhiteTitle "GM"]
[BlackTitle "GM"]
[WhiteElo "2743"]
[BlackElo "2547"]
[WhiteTeam "Jiangsu"]
[BlackTeam "Chongqing"]
[WhiteFideId "8603405"]
[BlackFideId "8603847"]
[EventDate "2017.04.18"]

1. e4 e5 2. Nf3 Nc6 3. Bb5 Nf6 4. Nc3 Bb4 5. O-O O-O 6. d3 Bxc3 7. bxc3 d6 8.
Bg5 Ne7 9. Nh4 Ne8 10. Bc4 Be6 11. Bxe6 fxe6 12. Qg4 Qd7 13. f4 exf4 14. Rxf4
Rxf4 15. Qxf4 Nf6 16. Bxf6 Rf8 17. Qe3 Rxf6 18. Qxa7 Qb5 19. Nf3 Qb2 20. Rf1 Nc6
21. Qa4 Qxc3 22. Qa8+ Rf8 23. Qxb7 Qc5+ 24. Kh1 Qxc2 25. Qxc7 Qxd3 26. Rg1 Qxe4
27. Qxd6 Rxf3 28. gxf3 Qxf3+ 29. Rg2 Qf1+ 30. Rg1 Qf3+ 31. Rg2 1/2-1/2

[Event "TCh-CHN 2017"]
[Site "China CHN"]
[Date "2017.08.19"]
[Round "13.5"]
[Board "4"]
[White "Lei, Tingjie"]
[Black "Guo, Qi"]
[Result "1/2-1/2"]
[WhiteTitle "GM"]
[BlackTitle "IM"]
[WhiteElo "2528"]
[BlackElo "2396"]
[WhiteTeam "Chongqing"]
[BlackTeam "Jiangsu"]
[WhiteFideId "8605114"]
[BlackFideId "8604002"]
[EventDate "2017.04.18"]

1. e4 e5 2. Nf3 Nf6 3. Nc3 Bb4 4. Nxe5 O-O 5. Nd3 Bxc3 6. dxc3 Nxe4 7. Be2 d6 8.
O-O Re8 9. f3 Ng5 10. b3 Nc6 11. Nf4 Ne6 12. Nd5 Ne7 13. Re1 Nxd5 14. Qxd5 Qf6
15. Bd2 Qe5 16. Qxe5 dxe5 17. Bc4 Nf8 18. f4 Be6 19. Bd3 exf4 20. Bxf4 c6 21. a4
a6 22. b4 Bd7 23. Rxe8 Bxe8 24. c4 f6 25. Re1 Bg6 26. Bd6 Bxd3 27. cxd3 Rd8 28.
c5 Ng6 29. d4 Nh4 30. Rf1 Re8 31. b5 Re4 32. d5 axb5 33. axb5 cxb5 34. g3 Ng6
35. Rb1 Ne7 36. Bxe7 Rxe7 37. Rxb5 Rd7 38. d6 Kf7 39. Rb1 Ke6 40. Re1+ Kd5 41.
Re7 Kc6 42. Rxd7 Kxd7 43. Kf2 Kc6 44. Ke3 b5 45. Kd4 h5 46. h3 g6 47. g4 h4 48.
Ke4 b4 49. Kd4 f5 50. gxf5 gxf5 51. Ke5 b3 52. Ke6 b2 53. d7 b1=Q 54. d8=Q Qe4+
55. Kf6 Kxc5 56. Qc8+ Kd6 57. Qxf5 Qxf5+ 1/2-1/2

[Event "TCh-CHN 2017"]
[Site "China CHN"]
[Date "2017.08.19"]
[Round "13.5"]
[Board "5"]
[White "Tan, Zhongyi"]
[Black "Yuan, Ye"]
[Result "1-0"]
[WhiteTitle "GM"]
[WhiteElo "2517"]
[BlackElo "2159"]
[WhiteTeam "Chongqing"]
[BlackTeam "Jiangsu"]
[WhiteFideId "8603642"]
[BlackFideId "8608415"]
[EventDate "2017.04.18"]

1. Nf3 Nf6 2. g3 g6 3. Bg2 Bg7 4. c4 c6 5. d4 d5 6. Qa4 Nfd7 7. cxd5 Nb6 8. Qd1
cxd5 9. O-O O-O 10. b3 Nc6 11. Bb2 Bf5 12. Nbd2 Qd7 13. Rc1 Bh3 14. a3 Bxg2 15.
Kxg2 a5 16. e3 Nc8 17. Ne5 Nxe5 18. dxe5 Nd6 19. Rc2 Nf5 20. g4 Nh4+ 21. Kg3 g5
22. f4 Qe6 23. Nf3 Nxf3 24. Qxf3 f5 25. exf6 Bxf6 26. Bxf6 Rxf6 27. Rc5 Rd8 28.
Rd1 gxf4+ 29. exf4 d4 30. Re5 Qxe5 31. fxe5 Rxf3+ 32. Kxf3 Rd5 33. Ke4 Rb5 34.
Rd3 Kf7 35. a4 Rb4 36. Kd5 b5 37. Rf3+ Ke8 38. axb5 Rxb5+ 39. Kxd4 Rb4+ 40. Kd5
Rxg4 41. Rh3 Rb4 42. Rxh7 Rb5+ 43. Ke6 Rb6+ 44. Kf5 Rxb3 45. Rh8+ Kf7 46. Rh7+
Kf8 47. h4 a4 48. h5 Rb6 49. e6 a3 50. h6 Kg8 51. Rg7+ Kh8 52. Rxe7 Ra6 53. Re8+
Kh7 54. e7 a2 55. Rh8+ Kxh8 56. e8=Q+ Kh7 57. Qe7+ Kxh6 58. Qh4+ Kg7 59. Qd4+
Kh7 60. Qa1 Kg8 61. Ke5 Ra5+ 62. Kd6 Ra3 63. Kc6 1-0

[Event "TCh-CHN 2017"]
[Site "China CHN"]
[Date "2017.08.19"]
[Round "13.6"]
[Board "1"]
[White "Ni, Hua"]
[Black "Ma, Qun"]
[Result "1/2-1/2"]
[WhiteTitle "GM"]
[BlackTitle "GM"]
[WhiteElo "2671"]
[BlackElo "2638"]
[WhiteTeam "Shanghai"]
[BlackTeam "Hangzhou"]
[WhiteFideId "8601160"]
[BlackFideId "8603154"]
[EventDate "2017.04.18"]

1. d4 Nf6 2. c4 e6 3. Nc3 d5 4. Bg5 Be7 5. Nf3 h6 6. Bh4 O-O 7. e3 b6 8. cxd5
Nxd5 9. Bxe7 Qxe7 10. Nxd5 exd5 11. Qb3 Be6 12. Rc1 c5 13. Qa3 Rc8 14. dxc5 bxc5
15. Bb5 Qb7 16. Rxc5 Rxc5 17. Qxc5 Na6 18. Bxa6 Qxa6 19. Qa3 Qxa3 20. bxa3 Rb8
21. O-O Rb2 22. Ra1 Bf5 23. Nd4 Bd3 24. a4 Rb4 25. a5 Ra4 26. Nc6 Bb5 27. Ne7+
Kf8 28. Nxd5 Bc4 29. Nc3 Ra3 30. Rc1 Bxa2 31. Nxa2 1/2-1/2

[Event "TCh-CHN 2017"]
[Site "China CHN"]
[Date "2017.08.19"]
[Round "13.6"]
[Board "2"]
[White "Grischuk, Alexander"]
[Black "Bai, Jinshi"]
[Result "1-0"]
[WhiteTitle "GM"]
[BlackTitle "GM"]
[WhiteElo "2772"]
[BlackElo "2556"]
[WhiteTeam "Shanghai"]
[BlackTeam "Hangzhou"]
[WhiteFideId "4126025"]
[BlackFideId "8602280"]
[EventDate "2017.04.18"]

1. e4 e5 2. Nf3 Nf6 3. Nxe5 d6 4. Nf3 Nxe4 5. d4 d5 6. Bd3 Bf5 7. O-O Be7 8. c4
dxc4 9. Bxc4 O-O 10. Nc3 Nd7 11. Re1 Nxc3 12. bxc3 c6 13. Bb3 h6 14. h3 Bd6 15.
Ne5 Bxe5 16. dxe5 Nc5 17. Ba3 Nxb3 18. Qxb3 Re8 19. Qxb7 Qb6 20. Qxb6 axb6 21.
Bd6 Ra4 22. Re2 Rea8 23. Rb2 R8a6 24. Bc7 Be6 25. Rxb6 Rxb6 26. Bxb6 Rxa2 27.
Rd1 Rc2 28. Rd3 Kh7 29. Bc5 Re2 30. Be3 Rc2 31. Bd2 Ra2 32. f3 Ra5 33. Re3 Ra2
34. Be1 g5 35. Rd3 Re2 36. Bg3 Rc2 37. Bf2 Rc1+ 38. Kh2 Rc2 39. Kg3 h5 40. Be3
Kg6 41. Bd2 Kf5 42. h4 gxh4+ 43. Kxh4 Kxe5 44. Kxh5 Bd5 45. Kg5 Ke6 46. g4 Ra2
47. Re3+ Kd7 48. Be1 Ra1 49. Kf6 Be6 50. Rd3+ Ke8 51. Bh4 Ra4 52. Rd6 Bd7 53.
Kg7 Ra5 54. Rd3 Re5 55. Bf6 Re2 56. g5 Rh2 57. f4 Rh3 58. Rd2 Rf3 59. Re2+ Be6
60. g6 Rg3 61. Bg5 1-0

[Event "TCh-CHN 2017"]
[Site "China CHN"]
[Date "2017.08.19"]
[Round "13.6"]
[Board "3"]
[White "Zhou, Jianchao"]
[Black "Gao, Rui"]
[Result "1/2-1/2"]
[WhiteTitle "GM"]
[BlackTitle "GM"]
[WhiteElo "2597"]
[BlackElo "2546"]
[WhiteTeam "Shanghai"]
[BlackTeam "Hangzhou"]
[WhiteFideId "8603537"]
[BlackFideId "8602387"]
[EventDate "2017.04.18"]

1. Nf3 d5 2. d4 Nf6 3. Bf4 c5 4. e3 Nc6 5. c3 Qb6 6. Qb3 c4 7. Qc2 Bf5 8. Qc1 e6
9. Nbd2 h6 10. Be2 Be7 11. Ne5 Nxe5 12. Bxe5 Qc6 13. b3 b5 14. a4 a6 15. b4 O-O
16. a5 Bh7 17. O-O Nd7 18. Bg3 Rae8 19. Bd1 Bf6 20. Bc2 Bxc2 21. Qxc2 e5 22.
dxe5 Bxe5 23. Nf3 Bxg3 24. hxg3 Nf6 25. Rad1 Re4 26. Rd4 Rfe8 27. Rfd1 Qe6 28.
Rxe4 Nxe4 29. Nd4 Qf6 30. g4 Nd6 31. Ne2 Qg5 32. Nf4 Re5 33. Rd4 Ne8 34. Qd1 Nf6
35. Nh3 Qg6 36. Nf4 Qg5 37. Nh3 Qg6 38. Nf4 1/2-1/2

[Event "TCh-CHN 2017"]
[Site "China CHN"]
[Date "2017.08.19"]
[Round "13.6"]
[Board "4"]
[White "Girya, Olga"]
[Black "Ni, Shiqun"]
[Result "1/2-1/2"]
[WhiteTitle "WGM"]
[BlackTitle "WGM"]
[WhiteElo "2484"]
[BlackElo "2441"]
[WhiteTeam "Hangzhou"]
[BlackTeam "Shanghai"]
[WhiteFideId "4195752"]
[BlackFideId "8608466"]
[EventDate "2017.04.18"]

1. d4 Nf6 2. c4 g6 3. g3 c6 4. Bg2 d5 5. Nf3 Bg7 6. b3 O-O 7. O-O Bf5 8. Bb2
Nbd7 9. cxd5 cxd5 10. Nc3 Nb6 11. a4 Ne4 12. a5 Nxc3 13. Bxc3 Nc8 14. Ne5 a6 15.
Bb4 Na7 16. Rc1 Rc8 17. Qd2 Rxc1 18. Rxc1 f6 19. Nd3 Bxd3 20. Qxd3 Nc6 21. Bc5
Re8 22. b4 e6 23. Bb6 Qd6 24. b5 axb5 25. Qxb5 Qa3 26. Rb1 f5 27. e3 Rc8 28. h4
Kh8 29. Bc5 Qxa5 30. Qxb7 Qc7 31. Qxc7 Rxc7 32. Rb6 Bf6 33. Bf1 Nd8 34. Rb8 Kg7
35. Ba6 Kf7 36. Kg2 Nc6 37. Rf8+ Kg7 38. Ra8 Ne7 39. Bb5 Nc8 40. Ba6 Ne7 41. Kf3
Kf7 42. Ke2 Kg7 43. Kd3 Kf7 44. Ke2 Kg7 45. Kf1 Kf7 46. Kg1 Kg7 47. Kh2 Kf7 48.
Kh3 Kg7 49. Be2 Rb7 50. Kg2 Rb2 51. Bd3 Rb7 52. Ba6 Rc7 53. Bb5 Nc8 54. Bb4 Kf7
55. Ba5 Ra7 56. Rxa7+ Nxa7 57. Bd7 Ke7 58. Ba4 Nc8 59. Bb4+ Kf7 60. Kf1 Be7 61.
Ba5 Nd6 62. Ke2 Ne4 63. Be1 Bd6 64. Kf1 h6 65. Kg2 g5 66. hxg5 hxg5 67. f3 Nf6
68. Bc2 1/2-1/2

[Event "TCh-CHN 2017"]
[Site "China CHN"]
[Date "2017.08.19"]
[Round "13.6"]
[Board "5"]
[White "Gu, Tianlu"]
[Black "Ju, Wenjun"]
[Result "1/2-1/2"]
[WhiteTitle "WIM"]
[BlackTitle "GM"]
[WhiteElo "2197"]
[BlackElo "2567"]
[WhiteTeam "Hangzhou"]
[BlackTeam "Shanghai"]
[WhiteFideId "8603995"]
[BlackFideId "8603006"]
[EventDate "2017.04.18"]

1. e4 e6 2. d4 d5 3. Nd2 c5 4. Ngf3 cxd4 5. Nxd4 Nf6 6. exd5 Qxd5 7. Nb5 Na6 8.
Nc3 Qd6 9. a3 Bd7 10. Qf3 Bc6 11. Bb5 Qe5+ 12. Qe2 Qxe2+ 13. Kxe2 Bxb5+ 14. Nxb5
Be7 15. c4 O-O 16. b4 Rfc8 17. Bb2 b6 18. Rac1 Nb8 19. Nb3 a5 20. bxa5 bxa5 21.
a4 Nfd7 22. Rhd1 Nb6 23. c5 Nxa4 24. Ba3 Nc6 25. Rc4 Rcb8 26. N3d4 Nxd4+ 27.
Nxd4 Nb2 28. Bxb2 Rxb2+ 29. Rd2 Rb4 30. Rdc2 Bf6 31. Rxb4 axb4 32. Nb3 Kf8 33.
Kd3 Ke7 34. Kc4 Bc3 35. Nc1 Rb8 36. Ra2 Rb7 37. Ra4 Bd2 38. Nb3 Be1 39. f3 Rc7
40. Nc1 Kd7 41. Nd3 Bc3 42. Nxb4 Bxb4 43. Rxb4 Ra7 44. Rb2 Kc6 45. Rb6+ Kc7 46.
Rb2 h5 47. g3 Kc6 48. Rb6+ Kc7 49. Rb2 Ra6 50. f4 Kc6 51. h4 Kc7 52. Rb3 Kc6 53.
Rb2 Kc7 54. Rb3 Kc6 55. Rb2 1/2-1/2

[Event "TCh-CHN 2017"]
[Site "China CHN"]
[Date "2017.08.20"]
[Round "14.1"]
[Board "1"]
[White "Yu, Yangyi"]
[Black "Zhou, Jianchao"]
[Result "1-0"]
[WhiteTitle "GM"]
[BlackTitle "GM"]
[WhiteElo "2751"]
[BlackElo "2597"]
[WhiteTeam "Beijing"]
[BlackTeam "Shanghai"]
[WhiteFideId "8603820"]
[BlackFideId "8603537"]
[EventDate "2017.04.18"]

1. e4 d6 2. d4 Nf6 3. Nc3 g6 4. Nf3 Bg7 5. Be2 O-O 6. O-O a6 7. a4 Nc6 8. d5 Nb4
9. Bg5 h6 10. Be3 e6 11. a5 exd5 12. exd5 Bf5 13. Nd4 Bd7 14. Bf3 Rb8 15. Qd2
Kh7 16. h3 c5 17. dxc6 bxc6 18. Nde2 c5 19. Bf4 Bf5 20. Qxd6 Nxc2 21. Qxb8 Qxb8
22. Bxb8 Rxb8 23. Rad1 Rxb2 24. g4 Nd4 25. Nxd4 cxd4 26. gxf5 dxc3 27. fxg6+
fxg6 28. Rd6 Ra2 29. Rxa6 h5 30. Ra7 Kh6 31. a6 c2 32. Rc1 Nh7 33. Bd5 Ra5 34.
Bg8 Nf6 1-0

[Event "TCh-CHN 2017"]
[Site "China CHN"]
[Date "2017.08.20"]
[Round "14.1"]
[Board "2"]
[White "Fang, Yan"]
[Black "Grischuk, Alexander"]
[Result "0-1"]
[BlackTitle "GM"]
[WhiteElo "2426"]
[BlackElo "2772"]
[WhiteTeam "Beijing"]
[BlackTeam "Shanghai"]
[WhiteFideId "8604746"]
[BlackFideId "4126025"]
[EventDate "2017.04.18"]

1. e4 d6 2. d4 g6 3. Nc3 Bg7 4. Bg5 a6 5. a4 Nc6 6. d5 Ne5 7. Be2 h6 8. Be3 Nf6
9. h3 O-O 10. Nf3 e6 11. Nxe5 dxe5 12. a5 exd5 13. exd5 Ne8 14. Na4 Nd6 15. c4
Re8 16. Qb3 Nf5 17. O-O h5 18. Rfd1 Nd4 19. Bxd4 exd4 20. Bf1 Qg5 21. Re1 Re5
22. Nc5 h4 23. Nd3 Rxe1 24. Rxe1 Bf5 25. Qxb7 Rf8 26. Qb3 Bxh3 27. Nb4 Bf5 28.
Nxa6 Qd2 29. Rd1 Qxa5 30. Qa3 Qb6 31. c5 Qb7 32. c6 Qb6 33. Qe7 Qb3 34. Rd2 Qxd5
35. Qxc7 Rc8 36. Nb4 Qc5 37. Qb7 Qc1 38. Rc2 Qd1 39. Rc5 Be6 40. c7 h3 41. Nd5
Bf8 42. Nf4 Bd6 43. gxh3 Bxf4 44. Qe4 Bxh3 0-1

[Event "TCh-CHN 2017"]
[Site "China CHN"]
[Date "2017.08.20"]
[Round "14.1"]
[Board "3"]
[White "Li, Chao b"]
[Black "Ni, Hua"]
[Result "1/2-1/2"]
[WhiteTitle "GM"]
[BlackTitle "GM"]
[WhiteElo "2732"]
[BlackElo "2671"]
[WhiteTeam "Beijing"]
[BlackTeam "Shanghai"]
[WhiteFideId "8604436"]
[BlackFideId "8601160"]
[EventDate "2017.04.18"]

1. d4 Nf6 2. c4 e6 3. Nc3 Bb4 4. Qc2 O-O 5. e4 d5 6. e5 Ne4 7. Bd3 c5 8. Ne2
cxd4 9. Nxd4 Nd7 10. Bf4 Qh4 11. g3 Qh5 12. O-O g5 13. cxd5 Nxc3 14. dxe6 gxf4
15. exd7 Bxd7 16. bxc3 Rac8 17. Qd1 Qxd1 18. Raxd1 Bxc3 19. Bf5 Rcd8 20. Bxd7
Rxd7 21. Nf5 Rxd1 22. Rxd1 Bxe5 23. Rd7 a5 24. Rxb7 fxg3 25. hxg3 Rb8 26. Ra7
Bc3 27. Nh6+ Kg7 28. Nxf7 Bd4 29. Rd7 Bxf2+ 30. Kxf2 Rf8 31. Rd5 Rxf7+ 32. Kg2
Ra7 33. a4 Ra6 34. g4 Kg6 35. Kf3 h6 36. Kf4 Rf6+ 37. Kg3 Rf1 38. Rxa5 Rg1+ 39.
Kf3 Rf1+ 40. Kg2 Ra1 41. Kf3 Rf1+ 42. Ke4 Rg1 43. Kf3 Rf1+ 44. Ke4 1/2-1/2

[Event "TCh-CHN 2017"]
[Site "China CHN"]
[Date "2017.08.20"]
[Round "14.1"]
[Board "4"]
[White "Ni, Shiqun"]
[Black "Wang, Jue"]
[Result "1-0"]
[WhiteTitle "WGM"]
[BlackTitle "WGM"]
[WhiteElo "2441"]
[BlackElo "2359"]
[WhiteTeam "Shanghai"]
[BlackTeam "Beijing"]
[WhiteFideId "8608466"]
[BlackFideId "8604070"]
[EventDate "2017.04.18"]

1. e4 c5 2. Nf3 d6 3. Bb5+ Nd7 4. O-O a6 5. Bd3 Ngf6 6. Re1 e6 7. c3 b5 8. Bc2
c4 9. a4 Bb7 10. axb5 axb5 11. Rxa8 Qxa8 12. d3 cxd3 13. Qxd3 Nxe4 14. Qxb5 Be7
15. Nd4 Nf6 16. f3 O-O 17. Nd2 Rc8 18. Ne4 Ne5 19. Bg5 Rb8 20. Qe2 Ba6 21. Qf2
Rxb2 22. Bxf6 gxf6 23. Qh4 Qd8 24. Ng5 Kf8 25. Qxh7 Ke8 26. Ba4+ Bb5 27. Nxb5
Qb6+ 28. Nd4+ Kd8 29. Nxf7+ Kc7 30. Nxe5 fxe5 31. Qxe7+ Kb8 32. Qe8+ Kc7 33.
Qxe6 Rb1 34. Rxb1 Qxb1+ 35. Kf2 exd4 36. Qd7+ 1-0

[Event "TCh-CHN 2017"]
[Site "China CHN"]
[Date "2017.08.20"]
[Round "14.1"]
[Board "5"]
[White "Ju, Wenjun"]
[Black "Zhao, Xue"]
[Result "1/2-1/2"]
[WhiteTitle "GM"]
[BlackTitle "GM"]
[WhiteElo "2567"]
[BlackElo "2477"]
[WhiteTeam "Shanghai"]
[BlackTeam "Beijing"]
[WhiteFideId "8603006"]
[BlackFideId "8601283"]
[EventDate "2017.04.18"]

1. d4 e6 2. c4 Nf6 3. g3 Bb4+ 4. Bd2 a5 5. Bg2 d6 6. Nf3 Nbd7 7. O-O e5 8. Bc1
exd4 9. Nxd4 O-O 10. b3 Re8 11. Nc2 Qe7 12. a3 Bc5 13. Nc3 Bb6 14. Rb1 Qe5 15.
Bb2 Qh5 16. e3 Qg6 17. Nd4 Nc5 18. Nce2 Nd3 19. Ba1 Ne5 20. a4 Qh6 21. Qc2 c6
22. e4 Bh3 23. Bxh3 Qxh3 24. Nf4 Qg4 25. h3 Qd7 26. Kg2 Ng6 27. Nxg6 hxg6 28.
Rfe1 Re7 29. Re2 Rae8 30. Rbe1 Qc7 31. Nf3 Bc5 32. e5 dxe5 33. Rxe5 Rxe5 34.
Rxe5 Rxe5 35. Nxe5 Qe7 36. Qd3 Bb6 37. Bd4 Bc7 38. Nf3 Qe4 39. Qxe4 Nxe4 40. Kf1
Bd6 41. Ke2 Bc5 42. Ke3 Bxd4+ 43. Nxd4 Nc5 44. f4 Kf8 45. g4 Ke7 46. Kd2 Kd6 47.
Ke3 Kd7 48. Kd2 Ke7 49. Ke2 Kf6 50. h4 Ke7 51. Kd2 Ne4+ 52. Ke3 Nf6 53. g5 Nd7
54. Nf3 Ke6 55. Nd4+ Kd6 56. Ke4 Nc5+ 57. Ke3 Kd7 58. Kd2 Ke7 59. Ke2 Kd6 60.
Ke3 Ke7 61. Ke2 Ne6 62. Ke3 Nc5 1/2-1/2